MARC details
| 000 -CABECERA |
| campo de control de longitud fija |
00883cam a2200265 a 4500 |
| 001 - NÚMERO DE CONTROL |
| campo de control |
000008607 |
| 005 - FECHA Y HORA DE LA ÚLTIMA TRANSACCIÓN |
| campo de control |
20200929161354.0 |
| 008 - DATOS DE LONGITUD FIJA--INFORMACIÓN GENERAL |
| campo de control de longitud fija |
810821s1979 sp 000 0 spa |
| 015 ## - NÚMERO DE BIBLIOGRAFÍA NACIONAL |
| Número de bibliografía nacional |
Sp*** |
| 020 ## - NÚMERO INTERNACIONAL ESTÁNDAR DEL LIBRO |
| Número Internacional Estándar del Libro |
8434603144 |
| 040 ## - FUENTE DE LA CATALOGACIÓN |
| Centro catalogador/agencia de origen |
DO-SdBNP |
| Lengua de catalogación |
spa |
| Centro/agencia transcriptor |
DLC |
| Centro/agencia modificador |
DLC |
| -- |
BNPHU |
| 082 ## - NÚMERO DE LA CLASIFICACIÓN DECIMAL DEWEY |
| Número de clasificación |
PR864.42 |
| Número de documento/Ítem |
P371in |
| 049 ## - FONDOS LOCALES (OCLC) |
| Fondos de biblioteca |
BNGR |
| 100 1# - ENTRADA PRINCIPAL--NOMBRE DE PERSONA |
| Nombre de persona |
Pedreira, Antonio Salvador |
| Fechas asociadas al nombre |
1899-1939 |
| Forma completa/desarrollada del nombre |
(Antonio Salvador Pedreira Pizarro) |
| 9 (RLIN) |
23035 |
| 245 10 - MENCIÓN DE TÍTULO |
| Título |
Insularismo / |
| Mención de responsabilidad, etc. |
Antonio S. Pedreira. |
| 260 ## - PUBLICACIÓN, DISTRIBUCIÓN, ETC. |
| Lugar de publicación, distribución, etc. |
Barcelona, (España) : |
| Nombre del editor, distribuidor, etc. |
Vosgos, |
| Fecha de publicación, distribución, etc. |
1979. |
| 300 ## - DESCRIPCIÓN FÍSICA |
| Extensión |
162 p. ; |
| Dimensiones |
17 cm. |
| 490 1# - MENCIÓN DE SERIE |
| Mención de serie |
Grandes maestros |
| Designación de volumen o secuencia |
102 |
| 650 #4 - PUNTO DE ACCESO ADICIONAL DE MATERIA--TÉRMINO DE MATERIA |
| Término de materia o nombre geográfico como elemento de entrada |
Ensayos puertorriqueños |
| 9 (RLIN) |
8892 |
| 650 #4 - PUNTO DE ACCESO ADICIONAL DE MATERIA--TÉRMINO DE MATERIA |
| Término de materia o nombre geográfico como elemento de entrada |
Insularismo |
| Subdivisión general |
Crítica e interpretación |
| 9 (RLIN) |
23036 |
| 650 #4 - PUNTO DE ACCESO ADICIONAL DE MATERIA--TÉRMINO DE MATERIA |
| Término de materia o nombre geográfico como elemento de entrada |
Literatura puertorriqueña |
| 9 (RLIN) |
250 |
| 651 #4 - PUNTO DE ACCESO ADICIONAL DE MATERIA--NOMBRE GEOGRÁFICO |
| Nombre geográfico |
Puerto Rico |
| Subdivisión general |
Civilización |
| 9 (RLIN) |
13570 |
| 830 #0 - PUNTO DE ACCESO ADICIONAL DE SERIE-TÍTULO UNIFORME |
| Título uniforme |
Grandes maestros ; |
| Designación de volumen o secuencia |
102 |
| 9 (RLIN) |
23037 |
| 910 ## - DATOS DE OPCIÓN DEL USUARIO (OCLC) |
| Datos de opción del usuario |
Catalogación por copia / LC |